000 00670cab a2200193 4500
001 ABS39918
008 090401t1988 xxu||||| |||| 00| 0 eng d
035 _a(Sirsi) u20056
041 _aeng
100 _aDobson, C.
245 _aMore Scottish growth in prospect
260 _c1988
350 _a0
490 _aShop Property
_vOctober 1988, 32-51(11)
520 _aReports on continuing demand for retail space in Scotland `s major towns and cities. Notes the recent spread of English multiples into Scotland. Locations covered include Glasgow , Edinburgh , Aberdeen and Elgin .
690 _aPROPERTY-COMMERCIAL PROPERTY
942 _n0
948 _c04/03/1997
999 _c13437
_d13437